| 000 | 00832 a2200253 4500 | ||
|---|---|---|---|
| 003 | OSt | ||
| 005 | 20180116192325.0 | ||
| 008 | 120213t xxu||||| |||| 00| 0 eng d | ||
| 010 | _a 66024572 | ||
| 020 | _a9780262690126 | ||
| 020 | _a0262690128 | ||
| 040 | _c0 | ||
| 082 | 0 | 0 | _a721 |
| 100 | 1 | _aSummerson, John, | |
| 245 | 1 | 4 |
_aThe classical language of architecture _cby John Summerson. |
| 260 |
_aCambridge, _bM.I.T. Press _cc.1963 |
||
| 300 |
_a56 p. _b63 numbered illus. _c19 x 24 cm. |
||
| 500 | _a"Scripts of six talks, written for the B.B.C. and delivered in May-July 1963." | ||
| 650 | 0 |
_aArchitecture _xTerminology. |
|
| 650 | 0 |
_aArchitecture _xDetails. |
|
| 710 | 2 | _aBritish Broadcasting Corporation. | |
| 942 |
_aSADA _cBK _k721 SUM 1963 _2ddc |
||
| 999 |
_c352162 _d352162 |
||